[Event "9th Africa-ch (w)"]
[Site "Cairo EGY"]
[Date "2015.05.02"]
[Round "1.1"]
[White "Shroohk, Wafa"]
[Black "Francis, Onkemetse Linda"]
[Result "1-0"]
[WhiteElo "2160"]
[BlackElo "1759"]
[EventDate "2015.05.02"]
[PlyCount "75"]

1.e4 e5 2.Nf3 Nc6 3.Bb5 Nf6 4.O-O d6 5.Re1 Be7 6.c3 a6 7.Ba4 b5 8.Bc2 O-O 
9.h3 Re8 10.d4 Bf8 11.a4 Rb8 12.axb5 axb5 13.Bg5 h6 14.Bh4 exd4 15.cxd4 
Be7 16.Bb3 Bb7 17.Nbd2 Ra8 18.Rxa8 Qxa8 19.e5 dxe5 20.dxe5 Nh7 21.Bxe7 
Rxe7 22.e6 fxe6 23.Bxe6+ Kh8 24.Nh4 Nf8 25.Bd5 Rxe1+ 26.Qxe1 Qd8 27.Qe4 
Qa8 28.Ndf3 Na5 29.Bxb7 Nxb7 30.Ne5 Qa1+ 31.Kh2 Nd6 32.Qf3 Ne6 33.Nhg6+ 
Kh7 34.Qd3 Qxb2 35.Ne7+ Kh8 36.N5g6+ Kh7 37.Nf8+ Kh8 38.Nfg6+ 1-0

[Event "9th Africa-ch (w)"]
[Site "Cairo EGY"]
[Date "2015.05.02"]
[Round "1.2"]
[White "Mohsen, Hend"]
[Black "Khaled, Mouna"]
[Result "0-1"]
[WhiteElo "1754"]
[BlackElo "2125"]
[EventDate "2015.05.02"]
[PlyCount "72"]

1.e4 e5 2.Bc4 Bc5 3.Nf3 Nc6 4.O-O d6 5.Nc3 a6 6.d3 Nf6 7.Bg5 h6 8.Bh4 Bg4 
9.h3 Bxf3 10.Qxf3 g5 11.Nd5 Nxd5 12.Bxd5 Qe7 13.Bxc6+ bxc6 14.Bg3 O-O-O 
15.c3 f6 16.b4 Bb6 17.a4 h5 18.h4 Rdg8 19.Rfd1 Rh6 20.d4 gxh4 21.Bxh4 Rg4 
22.Qh3 Kb7 23.f3 Rg8 24.Kh1 Qg7 25.Ra2 Rg6 26.a5 Ba7 27.d5 cxd5 28.Rxd5 
Qh6 29.Rd1 Qf4 30.c4 Rg4 31.Be1 Qe3 32.Qh2 Rxg2 33.Qxg2 Rxg2 34.Kxg2 Qg1+ 
35.Kh3 Qh1+ 36.Kg3 Be3 0-1

[Event "9th Africa-ch (w)"]
[Site "Cairo EGY"]
[Date "2015.05.02"]
[Round "1.3"]
[White "Shahenda, Wafa"]
[Black "El-Gohary, Mayada"]
[Result "1/2-1/2"]
[WhiteElo "2101"]
[BlackElo "1708"]
[EventDate "2015.05.02"]
[PlyCount "95"]

1.e4 d5 2.exd5 Nf6 3.d4 Bg4 4.Bb5+ Nbd7 5.f3 Bf5 6.Ne2 a6 7.Bxd7+ Qxd7 8.
O-O Nxd5 9.Ng3 Bg6 10.Ne4 O-O-O 11.Qe2 e6 12.Nbd2 Nf4 13.Qe3 Qxd4 14.Qxd4 
Ne2+ 15.Kh1 Nxd4 16.c3 Nc6 17.Nb3 Be7 18.Be3 Rd3 19.Rfe1 Rhd8 20.Nec5 R3d5
21.c4 R5d6 22.Bf4 e5 23.Bg3 f6 24.f4 Bd3 25.Rac1 exf4 26.Bxf4 Ne5 27.h3 
Rb6 28.Bxe5 fxe5 29.Nxd3 Rxd3 30.Rxe5 Bf6 31.Re8+ Rd8 32.Re2 Rbd6 33.Rcc2 
Bg5 34.g3 Rd1+ 35.Kg2 Rf8 36.Nc5 Rff1 37.Re8+ Bd8 38.Rce2 h5 39.Ne6 Rg1+ 
40.Kf3 Rd3+ 41.Kf4 g5+ 42.Nxg5 Rgxg3 43.R2e7 h4 44.Ne6 Rgf3+ 45.Ke5 Rfe3+ 
46.Kf4 Rf3+ 47.Kg4 Rg3+ 48.Kh5 1/2-1/2

[Event "9th Africa-ch (w)"]
[Site "Cairo EGY"]
[Date "2015.05.02"]
[Round "1.4"]
[White "Matoussi, Amani"]
[Black "Mezioud, Amina"]
[Result "0-1"]
[WhiteElo "1610"]
[BlackElo "2083"]
[EventDate "2015.05.02"]
[PlyCount "38"]

1.d4 Nf6 2.Bg5 e6 3.e4 Be7 4.e5 Nd5 5.Bxe7 Nxe7 6.Nf3 d5 7.exd6 Qxd6 8.c3 
b6 9.Bb5+ Nbc6 10.Nbd2 Bb7 11.Qe2 a6 12.Ne4 Qd8 13.Ba4 O-O 14.O-O Ng6 15.
Rad1 Qe7 16.Rfe1 Rfd8 17.Bb3 Na5 18.Bc2 b5 19.Ne5 Bd5 0-1

[Event "9th Africa-ch (w)"]
[Site "Cairo EGY"]
[Date "2015.05.02"]
[Round "1.5"]
[White "Latreche, Sabrina"]
[Black "Nasreldin, Zeinab"]
[Result "1-0"]
[WhiteElo "2037"]
[BlackElo "1577"]
[EventDate "2015.05.02"]
[PlyCount "70"]

1.e4 c5 2.Nc3 Nc6 3.g3 d6 4.Bg2 g6 5.Nge2 Bg7 6.O-O Nf6 7.d3 Bg4 8.h3 Bxe2
9.Qxe2 O-O 10.Be3 Rb8 11.f4 Nh5 12.Kh2 Nf6 13.Qd2 Bh6 14.Rae1 Nd7 15.Rf2 
Qb6 16.Rb1 Rbe8 17.b4 Qc7 18.Nd5 Qd8 19.bxc5 e6 20.Nc3 Nxc5 21.Bxc5 dxc5 
22.Rxb7 Qa5 23.Rb5 Qa3 24.Rb3 Qa6 25.Qe1 c4 26.dxc4 Qxc4 27.Bf1 Qc5 28.e5 
Bg7 29.Ne4 Qe7 30.c4 Rb8 31.Rfb2 Rxb3 32.axb3 Qb4 33.Qc1 Qa3 34.Qc3 a5 35.
c5 a4 1-0

[Event "9th Africa-ch (w)"]
[Site "Cairo EGY"]
[Date "2015.05.02"]
[Round "1.6"]
[White "Rabiu, Olabisi"]
[Black "Mwango, Makumba Lorita"]
[Result "0-1"]
[WhiteElo "1543"]
[BlackElo "1968"]
[EventDate "2015.05.02"]
[PlyCount "72"]

1.d4 d5 2.Nf3 Nf6 3.Bg5 e6 4.e3 Be7 5.Bd3 h6 6.Bh4 O-O 7.Nbd2 c5 8.c3 cxd4
9.exd4 Nbd7 10.O-O Ne8 11.Bxe7 Qxe7 12.Ne5 Nxe5 13.dxe5 Bd7 14.Nb3 Ba4 15.
Qg4 Bxb3 16.axb3 a6 17.Ra4 f5 18.exf6 Nxf6 19.Qh4 e5 20.Rg4 e4 21.Be2 Qf7 
22.Rg3 Kh8 23.Qf4 Rad8 24.Rd1 Qe7 25.Qe3 Qe5 26.Qa7 Rd7 27.Qc5 Rdf7 28.Rd2
Qf4 29.Qd4 Kh7 30.h3 h5 31.c4 dxc4 32.Bxc4 Rd7 33.Qc5 Rxd2 34.Qxf8 Qxf2+ 
35.Kh2 Ng4+ 36.hxg4 Qxf8 0-1

[Event "9th Africa-ch (w)"]
[Site "Cairo EGY"]
[Date "2015.05.02"]
[Round "1.8"]
[White "Mohammed, Ibtihal"]
[Black "Sabure, Tuduetso"]
[Result "0-1"]
[WhiteElo "1410"]
[BlackElo "1879"]
[EventDate "2015.05.02"]
[PlyCount "64"]

1.e4 c5 2.Nf3 d6 3.d4 cxd4 4.Nxd4 e6 5.Nc3 Be7 6.Be3 a6 7.Qd2 Qc7 8.f4 b5 
9.a3 Nf6 10.h3 Bb7 11.Bd3 Nbd7 12.Nf3 Nc5 13.Bxc5 dxc5 14.e5 Nh5 15.Be4 
Rd8 16.Qe3 c4 17.Nd4 Bh4+ 18.Kd2 Ng3 19.Rhg1 Bxe4 20.Nxe4 Nxe4+ 21.Qxe4 
Bf2 22.c3 Qb6 23.Ke2 Bxg1 24.Rxg1 O-O 25.g4 a5 26.Rd1 b4 27.Qc6 Qxc6 28.
Nxc6 Rxd1 29.Kxd1 bxa3 30.bxa3 Ra8 31.Kd2 Ra6 32.Nd4 Ra8 0-1

[Event "9th Africa-ch (w)"]
[Site "Cairo EGY"]
[Date "2015.05.03"]
[Round "2.1"]
[White "Hamza, Amira"]
[Black "Shroohk, Wafa"]
[Result "0-1"]
[WhiteElo "1944"]
[BlackElo "2160"]
[EventDate "2015.05.02"]
[PlyCount "132"]

1.d4 Nf6 2.Nf3 e6 3.g3 Be7 4.Bg2 O-O 5.c4 d6 6.O-O Nc6 7.Nc3 e5 8.d5 Nb8 
9.Qc2 a5 10.b3 Na6 11.a3 Nh5 12.e4 f5 13.Be3 f4 14.Bd2 g5 15.gxf4 Nxf4 16.
Bxf4 gxf4 17.Ne1 Kh8 18.f3 Rg8 19.Rf2 Bh4 20.Re2 Bxe1 21.Raxe1 Qh4 22.Rd1 
Bh3 23.Kh1 Rg6 24.Bxh3 Qxh3 25.Rf2 Rag8 26.Qe2 h5 27.Qf1 Qxf1+ 28.Rdxf1 h4
29.Ne2 Nc5 30.Nc1 h3 31.b4 Nd7 32.Ne2 Nb6 33.c5 dxc5 34.bxc5 Na4 35.Ng1 
Nxc5 36.Nxh3 Rh6 37.Rc2 b6 38.Nf2 Rh7 39.Ng4 Nxe4 40.Re1 Ng3+ 41.Kg2 Nf5 
42.Kf1 Nd4 43.Rc3 Nxf3 44.Rxf3 Rxg4 45.Rxe5 Rxh2 46.Re8+ Kh7 47.Re7+ Rg7 
48.Rxg7+ Kxg7 49.Rxf4 Rc2 50.Rd4 Kf7 51.d6 cxd6 52.Rxd6 Rb2 53.Ke1 Rb3 54.
Kd2 Ke7 55.Rh6 Kd7 56.Kc2 a4 57.Rh4 Rxa3 58.Rb4 Kc6 59.Kb2 Rb3+ 60.Rxb3 
axb3 61.Kxb3 Kb5 62.Kb2 Kb4 63.Kb1 Kb3 64.Kc1 b5 65.Kb1 b4 66.Kc1 Ka2 0-1

[Event "9th Africa-ch (w)"]
[Site "Cairo EGY"]
[Date "2015.05.03"]
[Round "2.2"]
[White "Khaled, Mouna"]
[Black "El-Ansary, Eman"]
[Result "1-0"]
[WhiteElo "2125"]
[BlackElo "1863"]
[EventDate "2015.05.02"]
[PlyCount "75"]

1.d4 c5 2.d5 d6 3.c4 b5 4.e4 b4 5.f4 g6 6.Nf3 Bg7 7.Bd3 Nd7 8.O-O Nh6 9.e5
O-O 10.Qe2 Nb6 11.Nbd2 Qc7 12.b3 a5 13.Bb2 a4 14.Rae1 axb3 15.axb3 Ra2 16.
Ne4 Bf5 17.Bb1 Ra7 18.exd6 exd6 19.Bxg7 Kxg7 20.Qb2+ f6 21.Neg5 Bc8 22.
Ne6+ Bxe6 23.Rxe6 Qd8 24.Ng5 Ng8 25.Re2 Re8 26.Ne6+ Rxe6 27.Rxe6 Nc8 28.
Rfe1 Qa5 29.Qe2 Qa3 30.Re3 Re7 31.h4 Qa1 32.Bxg6 Qd4 33.Be4 Nh6 34.Rd1 
Rxe4 35.Rxd4 Rxd4 36.Rg3+ Kf8 37.Qe6 Ne7 38.Qxf6+ 1-0

[Event "9th Africa-ch (w)"]
[Site "Cairo EGY"]
[Date "2015.05.03"]
[Round "2.3"]
[White "Mezioud, Amina"]
[Black "Ehab, Tasnim"]
[Result "1-0"]
[WhiteElo "2083"]
[BlackElo "1760"]
[EventDate "2015.05.02"]
[PlyCount "75"]

1.e4 c5 2.Nf3 Nc6 3.d4 cxd4 4.Nxd4 g6 5.c4 Bg7 6.Be3 d6 7.Nc3 Nf6 8.Be2 
O-O 9.O-O Bd7 10.f3 Ne5 11.b4 Rc8 12.Qb3 a5 13.bxa5 Qxa5 14.Rfc1 Bc6 15.
Rab1 Ned7 16.Qc2 Nc5 17.Nb3 Nxb3 18.axb3 d5 19.b4 Qd8 20.b5 Bd7 21.exd5 
Qc7 22.Qd2 Bf5 23.Rb3 Rfd8 24.b6 Qb8 25.c5 Nd7 26.Nb5 Nf6 27.Nc7 Ne8 28.
Nxe8 Rxe8 29.c6 bxc6 30.dxc6 Be5 31.f4 Bd6 32.Ba6 Be6 33.Rb5 Ba3 34.Rc3 
Rcd8 35.Qe2 Bc8 36.c7 Qa8 37.b7 Qxa6 38.b8=Q 1-0

[Event "9th Africa-ch (w)"]
[Site "Cairo EGY"]
[Date "2015.05.03"]
[Round "2.4"]
[White "Sabure, Tuduetso"]
[Black "Latreche, Sabrina"]
[Result "0-1"]
[WhiteElo "1879"]
[BlackElo "2037"]
[EventDate "2015.05.02"]
[PlyCount "104"]

1.e4 e5 2.Bc4 Nf6 3.Nc3 c6 4.Nf3 d6 5.O-O b5 6.Bb3 Be7 7.d4 exd4 8.Qxd4 c5
9.Bxf7+ Kxf7 10.Qd3 c4 11.Ng5+ Kg8 12.Qf3 Bg4 13.Qf4 h6 14.Nf3 Bxf3 15.
Qxf3 Nc6 16.Nxb5 Kh7 17.Rd1 Ne5 18.Qe2 Qb6 19.a4 a6 20.Nc3 Rhf8 21.Qe3 
Qxe3 22.Bxe3 Rab8 23.Rab1 Nfg4 24.Bd4 Nc6 25.f3 Nge5 26.Bf2 Rf7 27.Nd5 Bf8
28.b4 cxb3 29.Rxb3 Rxb3 30.cxb3 Rb7 31.Bb6 Ne7 32.a5 Nxd5 33.Rxd5 Nd7 34.
Kf2 Nxb6 35.axb6 Rxb6 36.Rd3 Kg6 37.Ke2 Kf6 38.Kd2 Ke6 39.Kc2 Rb5 40.Kb2 
d5 41.Rd4 dxe4 42.Rxe4+ Re5 43.Ra4 a5 44.Rg4 h5 45.Rg6+ Kf7 46.Ra6 Re2+ 
47.Kc1 Bb4 48.g4 hxg4 49.fxg4 Rxh2 50.g5 Rg2 51.g6+ Rxg6 52.Rxg6 Kxg6 0-1

[Event "9th Africa-ch (w)"]
[Site "Cairo EGY"]
[Date "2015.05.03"]
[Round "2.6"]
[White "Botlhole, Kgalalelo"]
[Black "Shahenda, Wafa"]
[Result "0-1"]
[WhiteElo "1785"]
[BlackElo "2101"]
[EventDate "2015.05.02"]
[PlyCount "98"]

1.c4 e5 2.Nc3 Nc6 3.g3 f5 4.d3 Nf6 5.Bg2 Bb4 6.Bd2 Bxc3 7.bxc3 O-O 8.e3 d6
9.Ne2 Qe8 10.O-O e4 11.d4 Na5 12.Nf4 Nxc4 13.Qb3 Qf7 14.Rfd1 g5 15.Nh3 h6 
16.Bf1 Nxd2 17.Qxf7+ Rxf7 18.Rxd2 d5 19.Rb2 b6 20.Kg2 Bd7 21.Ng1 f4 22.
exf4 gxf4 23.f3 exf3+ 24.Nxf3 Ng4 25.Ne5 Nxe5 26.dxe5 fxg3 27.hxg3 Bf5 28.
Kh2 Re8 29.c4 c6 30.cxd5 cxd5 31.Rd2 Rxe5 32.Rc1 Be4 33.Bh3 Kg7 34.Rf1 
Rxf1 35.Bxf1 Rh5+ 36.Kg1 Rh1+ 37.Kf2 Rh2+ 38.Ke1 Rxd2 39.Kxd2 Kf6 40.Ke3 
Ke5 41.Bb5 d4+ 42.Kd2 Bd5 43.a3 Ke4 44.Bd7 a6 45.Bc8 Bc4 46.g4 Kf4 47.Bd7 
b5 48.Bc8 a5 49.Kc2 Ke3 0-1

[Event "9th Africa-ch (w)"]
[Site "Cairo EGY"]
[Date "2015.05.03"]
[Round "2.7"]
[White "El-Gohary, Mayada"]
[Black "Francis, Onkemetse Linda"]
[Result "1-0"]
[WhiteElo "1708"]
[BlackElo "1759"]
[EventDate "2015.05.02"]
[PlyCount "48"]

1.e4 d5 2.exd5 Nf6 3.c4 e6 4.Nc3 exd5 5.cxd5 Nxd5 6.Bc4 Nxc3 7.bxc3 Bd6 8.
Nf3 O-O 9.O-O Nc6 10.d4 Bf5 11.Bg5 Qd7 12.Nh4 Bg4 13.Qd2 Ne7 14.Rfe1 Nf5 
15.f3 Nxh4 16.Bxh4 Bh5 17.Re2 Bg6 18.Rae1 Rfe8 19.Rxe8+ Rxe8 20.Rxe8+ Qxe8
21.g4 h5 22.Qg5 Be7 23.Qxe7 Qc6 24.Qd8+ Kh7 1-0

[Event "9th Africa-ch (w)"]
[Site "Cairo EGY"]
[Date "2015.05.03"]
[Round "2.8"]
[White "Mohammed, Tayseer"]
[Black "Mohsen, Hend"]
[Result "0-1"]
[WhiteElo "1459"]
[BlackElo "1754"]
[EventDate "2015.05.02"]
[PlyCount "84"]

1.d4 Nf6 2.Nf3 g6 3.Bf4 Bg7 4.c3 d6 5.h3 O-O 6.e3 Bf5 7.Nbd2 c5 8.Nh4 Bd7 
9.Nhf3 Bc6 10.Be2 Re8 11.O-O Nbd7 12.Qc2 Rc8 13.Rfe1 cxd4 14.exd4 e5 15.
Bh2 e4 16.Nxe4 Bxe4 17.Qb3 Nb6 18.Ng5 Bd5 19.Qa3 h6 20.Nf3 Bf8 21.Bb5 
Rxe1+ 22.Rxe1 a6 23.Bd3 Bc4 24.Bc2 d5 25.b4 a5 26.Qb2 axb4 27.cxb4 Ra8 28.
a3 Na4 29.Bxa4 Rxa4 30.Nd2 b5 31.f3 Ra7 32.Nb3 Re7 33.Rxe7 Qxe7 34.Be5 Nd7
35.Nc5 Nxe5 36.dxe5 Qa7 37.Kh2 Bxc5 38.bxc5 Qxc5 39.Qb4 Qxb4 40.axb4 d4 
41.Kg1 d3 42.Kf2 d2 0-1

[Event "9th Africa-ch (w)"]
[Site "Cairo EGY"]
[Date "2015.05.03"]
[Round "2.10"]
[White "Nasreldin, Zeinab"]
[Black "Mohammed, Ibtihal"]
[Result "1/2-1/2"]
[WhiteElo "1577"]
[BlackElo "1410"]
[EventDate "2015.05.02"]
[PlyCount "82"]

1.Nf3 c5 2.g3 d6 3.Bg2 Nf6 4.d3 g6 5.O-O Bg7 6.Nc3 O-O 7.Bf4 Nc6 8.Qd2 a6 
9.e4 b6 10.a3 Bb7 11.Rfe1 Rb8 12.Rab1 Qc7 13.Nd5 Qd8 14.c4 Nd7 15.b3 Re8 
16.Bh6 Nde5 17.Bxg7 Nxf3+ 18.Bxf3 Kxg7 19.Qc3+ Kg8 20.Re2 Nd4 21.Re3 e5 
22.Qb2 Re6 23.Nc3 Bc8 24.Bg4 Rf6 25.Bxc8 Rxc8 26.Ne2 Nxe2+ 27.Qxe2 Qd7 28.
Rf3 Qg4 29.Kg2 Qxf3+ 30.Qxf3 Rxf3 31.Kxf3 h6 32.Kg2 Kg7 33.f3 a5 34.h3 Rf8
35.a4 f5 36.Rf1 fxe4 37.fxe4 Rxf1 38.Kxf1 Kf6 39.Kf2 Kg5 40.Kf3 h5 41.h4+ 
Kf6 1/2-1/2

[Event "9th Africa-ch (w)"]
[Site "Cairo EGY"]
[Date "2015.05.03"]
[Round "3.1"]
[White "Shroohk, Wafa"]
[Black "Mezioud, Amina"]
[Result "1/2-1/2"]
[WhiteElo "2160"]
[BlackElo "2083"]
[EventDate "2015.05.02"]
[PlyCount "114"]

1.e4 c5 2.Nf3 e6 3.Nc3 a6 4.d4 cxd4 5.Nxd4 Nc6 6.Be3 Nf6 7.Bd3 Qc7 8.O-O 
Ne5 9.Be2 Bc5 10.f4 Ng6 11.e5 Ng8 12.Qd2 f5 13.Rad1 N8e7 14.Nb3 Bxe3+ 15.
Qxe3 b6 16.Bf3 Rb8 17.g3 Bb7 18.Bxb7 Qxb7 19.Qf3 Qc7 20.Rd2 O-O 21.Rfd1 
Rfd8 22.Qe3 Nf8 23.Rd4 b5 24.Rd6 b4 25.Na4 Nd5 26.Qc5 Qb7 27.Qd4 Qb5 28.
Nac5 Rb6 29.Rxd5 exd5 30.Qxd5+ Kh8 31.Nd4 Qa5 32.Nxf5 Rc6 33.Ne4 Qxd5 34.
Rxd5 Rxc2 35.Ned6 Rb8 36.Ra5 Rb6 37.b3 Ne6 38.Ne7 g6 39.Nc4 Rb8 40.Rxa6 
Rc1+ 41.Kg2 Rd1 42.f5 gxf5 43.Nxf5 Rf8 44.g4 Ng7 45.Nfe3 Re1 46.Ra7 Ne6 
47.Rxd7 Nf4+ 48.Kf2 Nd3+ 49.Kg3 Nxe5 50.Rb7 Rg1+ 51.Kh3 Nxc4 52.Nxc4 Rf6 
53.Rb8+ Kg7 54.Rb7+ Kg8 55.Rb8+ Kg7 56.Rb7+ Kg8 57.Rb8+ Kg7 1/2-1/2

[Event "9th Africa-ch (w)"]
[Site "Cairo EGY"]
[Date "2015.05.03"]
[Round "3.2"]
[White "Latreche, Sabrina"]
[Black "Khaled, Mouna"]
[Result "0-1"]
[WhiteElo "2037"]
[BlackElo "2125"]
[EventDate "2015.05.02"]
[PlyCount "90"]

1.e4 e5 2.Nf3 Nc6 3.Bc4 Bc5 4.c3 Nf6 5.d4 exd4 6.cxd4 Bb4+ 7.Bd2 Bxd2+ 8.
Nbxd2 d5 9.exd5 Nxd5 10.Qb3 Nce7 11.O-O O-O 12.Rfe1 c6 13.Ne4 h6 14.Nc5 
Qb6 15.Ne5 Qxb3 16.Bxb3 Rd8 17.Rad1 b6 18.Ncd3 Be6 19.Rc1 Rac8 20.Ba4 b5 
21.Bb3 a5 22.Nc5 a4 23.Bxd5 Rxd5 24.Nf3 Nf5 25.Nxe6 fxe6 26.Rxe6 Nxd4 27.
Nxd4 Rxd4 28.Kf1 Rd2 29.Re2 Rxe2 30.Kxe2 Kf7 31.Ke3 Ke6 32.Rd1 c5 33.Ke4 
g5 34.Rd5 b4 35.h4 c4 36.hxg5 c3 37.bxc3 Rc4+ 38.Rd4 Rxd4+ 39.cxd4 b3 40.
axb3 a3 41.d5+ Kf7 42.g6+ Kxg6 43.d6 Kf6 44.d7 Ke7 45.Kf5 a2 0-1

[Event "9th Africa-ch (w)"]
[Site "Cairo EGY"]
[Date "2015.05.04"]
[Round "4.1"]
[White "Khaled, Mouna"]
[Black "Shroohk, Wafa"]
[Result "1-0"]
[WhiteElo "2125"]
[BlackElo "2160"]
[EventDate "2015.05.02"]
[PlyCount "98"]

1.d4 Nf6 2.Nf3 e6 3.e3 Be7 4.Bd3 O-O 5.Nbd2 d6 6.b3 Nc6 7.Bb2 Nb4 8.Be2 c5
9.O-O Qc7 10.c4 Nc6 11.a3 cxd4 12.exd4 Nh5 13.Re1 Nf4 14.Bf1 Qa5 15.g3 Ng6
16.b4 Qc7 17.Rc1 b6 18.h4 Re8 19.Bg2 Bb7 20.h5 Nf8 21.d5 Nb8 22.Nd4 e5 23.
Nf5 Bc8 24.Nxe7+ Rxe7 25.Bxe5 dxe5 26.d6 Qxd6 27.Bxa8 Nc6 28.Ne4 Qc7 29.
Qd6 Nd4 30.Qxc7 Rxc7 31.Nd6 f6 32.Nb5 Rd7 33.Bd5+ Rxd5 34.cxd5 Nf3+ 35.Kf1
Bh3+ 36.Ke2 Bg4 37.Nxa7 Bxh5 38.Nc6 Kf7 39.Rh1 Nh2+ 40.Kd2 Nf3+ 41.Kc3 Bg4
42.a4 Ng5 43.a5 bxa5 44.bxa5 Bf3 45.Nb4 Ne4+ 46.Kb2 Nxf2 47.Rhf1 Nd3+ 48.
Nxd3 Bxd5 49.Nxe5+ Ke8 1-0

[Event "9th Africa-ch (w)"]
[Site "Cairo EGY"]
[Date "2015.05.04"]
[Round "4.2"]
[White "Mezioud, Amina"]
[Black "Shahenda, Wafa"]
[Result "1/2-1/2"]
[WhiteElo "2083"]
[BlackElo "2101"]
[EventDate "2015.05.02"]
[PlyCount "152"]

1.e4 c5 2.Nf3 Nc6 3.d4 cxd4 4.Nxd4 e5 5.Nb5 d6 6.N1c3 a6 7.Na3 b5 8.Nd5 
Nge7 9.c4 Nd4 10.Nc2 Nxd5 11.cxd5 Bg4 12.Qd3 Nxc2+ 13.Qxc2 Rc8 14.Qb3 Be7 
15.h3 Bd7 16.Be2 O-O 17.g4 Bg5 18.O-O h5 19.Qg3 hxg4 20.Bxg4 Bxc1 21.Raxc1
f5 22.exf5 Bxf5 23.Rc6 Bxg4 24.Qxg4 Rxc6 25.dxc6 Rf4 26.Qd7 Qg5+ 27.Kh1 
Qf5 28.Rg1 Qf7 29.Qd8+ Kh7 30.Qxd6 Rxf2 31.Qd3+ Qf5 32.Qxf5+ Rxf5 33.c7 
Rf8 34.Rc1 Rc8 35.Rc6 Kg8 36.Kg2 Kf7 37.Kf3 Ke7 38.Ke4 Kd7 39.Rxa6 Rxc7 
40.Kxe5 Rc5+ 41.Kd4 Rh5 42.Ra3 Kd6 43.Rg3 Rh4+ 44.Kc3 Rc4+ 45.Kd3 Rh4 46.
a3 Rh5 47.b4 Kd5 48.Ke3 Ke5 49.Kf2 Kf6 50.Rc3 Rd5 51.Ke3 Rh5 52.Kd4 Ke6 
53.Rg3 Kf6 54.Kc3 Ke6 55.Kb3 Kd6 56.a4 bxa4+ 57.Kxa4 g5 58.b5 Kc7 59.Ka5 
Kb7 60.Re3 Rh7 61.Rd3 Rg7 62.Rg3 Rg6 63.Rg4 Rh6 64.Rxg5 Rxh3 65.Rg7+ Kb8 
66.Ka6 Rh6+ 67.b6 Rh8 68.Rg5 Rf8 69.Rg6 Rh8 70.Rd6 Rg8 71.Rd7 Rh8 72.Kb5 
Rh5+ 73.Kc6 Rh6+ 74.Kb5 Rh5+ 75.Ka6 Rh8 76.Rb7+ Ka8 1/2-1/2

[Event "9th Africa-ch (w)"]
[Site "Cairo EGY"]
[Date "2015.05.04"]
[Round "4.3"]
[White "El-Ansary, Eman"]
[Black "Latreche, Sabrina"]
[Result "0-1"]
[WhiteElo "1863"]
[BlackElo "2037"]
[EventDate "2015.05.02"]
[PlyCount "46"]

1.d4 Nf6 2.c4 e6 3.Nf3 c5 4.Nc3 cxd4 5.Nxd4 Bb4 6.Bd2 Nc6 7.Nf3 O-O 8.Qc2 
d5 9.cxd5 Nxd5 10.Nxd5 Qxd5 11.a3 Bxd2+ 12.Nxd2 Nd4 13.Qc3 Rd8 14.e3 Nb5 
15.Bxb5 Qxb5 16.a4 Qa6 17.b4 b5 18.axb5 Qxb5 19.Ra5 Qd7 20.Ke2 Ba6+ 21.Nc4
Bb5 22.Rxb5 Qxb5 23.Rc1 Qh5+ 0-1

[Event "9th Africa-ch (w)"]
[Site "Cairo EGY"]
[Date "2015.05.04"]
[Round "4.4"]
[White "Mwango, Makumba Lorita"]
[Black "Mohsen, Hend"]
[Result "0-1"]
[WhiteElo "1968"]
[BlackElo "1754"]
[EventDate "2015.05.02"]
[PlyCount "59"]

1.c4 e5 2.Nc3 Nc6 3.g3 f5 4.e4 fxe4 5.Nxe4 Nf6 6.Bg2 Be7 7.Ne2 O-O 8.O-O 
Nxe4 9.Bxe4 Bc5 10.d3 d6 11.Be3 Bh3 12.Bd5+ Kh8 13.Bg2 Bxg2 14.Kxg2 Bb6 
15.d4 Qf6 16.c5 dxc5 17.dxc5 Rad8 18.Qc2 Qf3+ 19.Kg1 Ba5 20.Rad1 Nb4 21.
Qc4 c6 22.a3 Nd5 23.Bg5 Rde8 24.Nc1 e4 25.Qe2 Qf5 26.Be3 Qh3 27.Bd4 h6 28.
b4 Bc7 29.Qb2 Rf7 30.Rde1 0-1

[Event "9th Africa-ch (w)"]
[Site "Cairo EGY"]
[Date "2015.05.04"]
[Round "4.6"]
[White "El-Gohary, Mayada"]
[Black "Matoussi, Amani"]
[Result "1-0"]
[WhiteElo "1708"]
[BlackElo "1610"]
[EventDate "2015.05.02"]
[PlyCount "33"]

1.e4 e5 2.Nf3 Nf6 3.Nxe5 d6 4.Nf3 Nxe4 5.Nc3 d5 6.Qe2 Be7 7.Nxe4 dxe4 8.
Qxe4 O-O 9.Bd3 f5 10.Qc4+ Kh8 11.Ne5 Qe8 12.O-O Bd6 13.Nf3 Qh5 14.Be2 Qg6 
15.d4 Nc6 16.Bd2 h5 17.Bd3 1-0

[Event "9th Africa-ch (w)"]
[Site "Cairo EGY"]
[Date "2015.05.06"]
[Round "5.1"]
[White "Shahenda, Wafa"]
[Black "Khaled, Mouna"]
[Result "0-1"]
[WhiteElo "2101"]
[BlackElo "2125"]
[EventDate "2015.05.02"]
[PlyCount "74"]

1.e4 e5 2.Nf3 Nc6 3.Bb5 Nge7 4.O-O d6 5.c3 Bd7 6.d4 g6 7.Bg5 Bg7 8.Nbd2 
O-O 9.Nb3 h6 10.Bh4 g5 11.Bg3 Bg4 12.h3 Bxf3 13.gxf3 Qc8 14.Kg2 a6 15.Be2 
f5 16.exf5 Nxf5 17.dxe5 Nxe5 18.Nd4 Nxd4 19.Qxd4 Qf5 20.Qd5+ Kh8 21.Rad1 
Rae8 22.Rfe1 Qc8 23.Qb3 Rf5 24.Qc2 Ref8 25.Bxe5 Bxe5 26.Rh1 Qe6 27.Qe4 c6 
28.Bd3 R5f7 29.Rde1 Qe7 30.Re3 Rf4 31.Qg6 R8f6 32.Qh7+ Qxh7 33.Bxh7 Kxh7 
34.Rd1 h5 35.b3 g4 36.hxg4 hxg4 37.fxg4 Rxf2+ 0-1

[Event "9th Africa-ch (w)"]
[Site "Cairo EGY"]
[Date "2015.05.06"]
[Round "5.2"]
[White "Mohsen, Hend"]
[Black "Mezioud, Amina"]
[Result "0-1"]
[WhiteElo "1754"]
[BlackElo "2083"]
[EventDate "2015.05.02"]
[PlyCount "39"]

1.e4 c6 2.c4 g6 3.Nc3 Bg7 4.Nf3 d6 5.Be2 e5 6.d4 Nd7 7.O-O Qc7 8.Be3 Ngf6 
9.h3 O-O 10.Qd2 Re8 11.d5 c5 12.Bh6 Nh5 13.Nb5 Qb8 14.Bxg7 Kxg7 15.Nh4 Nf4
16.g3 Nxh3+ 17.Kg2 Nf6 18.Rh1 Nxf2 19.Kxf2 Nxe4+ 20.Ke1 0-1

[Event "9th Africa-ch (w)"]
[Site "Cairo EGY"]
[Date "2015.05.06"]
[Round "5.3"]
[White "Latreche, Sabrina"]
[Black "Hamza, Amira"]
[Result "1-0"]
[WhiteElo "2037"]
[BlackElo "1944"]
[EventDate "2015.05.02"]
[PlyCount "51"]

1.Nf3 d5 2.b3 Nf6 3.Bb2 e6 4.g3 Bd6 5.Bg2 O-O 6.O-O c5 7.d4 Nc6 8.e3 b6 9.
Ne5 Bb7 10.c4 Qc7 11.Nxc6 Bxc6 12.dxc5 bxc5 13.cxd5 exd5 14.Bxf6 gxf6 15.
Nc3 d4 16.Nd5 Bxd5 17.Bxd5 Rad8 18.Qh5 Rfe8 19.exd4 cxd4 20.Qg4+ Kh8 21.
Qf5 Qe7 22.Rae1 Qf8 23.Qxf6+ Kg8 24.Rxe8 Rxe8 25.Bxf7+ Qxf7 26.Qxd6 1-0

[Event "9th Africa-ch (w)"]
[Site "Cairo EGY"]
[Date "2015.05.06"]
[Round "5.4"]
[White "Shroohk, Wafa"]
[Black "El-Gohary, Mayada"]
[Result "1/2-1/2"]
[WhiteElo "2160"]
[BlackElo "1708"]
[EventDate "2015.05.02"]
[PlyCount "105"]

1.e4 d5 2.exd5 Nf6 3.d4 Bg4 4.Be2 Bxe2 5.Qxe2 Qxd5 6.Nf3 Nc6 7.O-O O-O-O 
8.Be3 e6 9.c4 Qh5 10.h3 Be7 11.Nc3 h6 12.Ne5 Qxe2 13.Nxe2 Nxe5 14.dxe5 Nd7
15.f4 g5 16.fxg5 Nxe5 17.gxh6 Nxc4 18.Rxf7 Rd7 19.Bf2 Rxh6 20.b3 Ne5 21.
Rg7 Rg6 22.Rxg6 Nxg6 23.Rc1 Rd2 24.Nc3 Nf4 25.Re1 Rc2 26.Nb5 a6 27.Nd4 
Rxa2 28.Re4 Nd3 29.Bg3 Bc5 30.Kh2 e5 31.Nf5 Ra1 32.h4 Rf1 33.Ng7 Nf4 34.
Bxf4 Rxf4 35.Rxf4 exf4 36.Kh3 Bd4 37.Ne6 Be5 38.Kg4 b5 39.Nxf4 a5 40.Nd3 
Bd4 41.Kf4 a4 42.bxa4 bxa4 43.Ke4 a3 44.Nc1 c5 45.g4 Bb2 46.Na2 Kd7 47.Kd5
Bd4 48.g5 Ke7 49.h5 Kf7 50.Ke4 Kg7 51.Kd3 Kf7 52.Ke4 Ke6 53.Kd3 1/2-1/2

[Event "9th Africa-ch (w)"]
[Site "Cairo EGY"]
[Date "2015.05.06"]
[Round "5.5"]
[White "Ehab, Tasnim"]
[Black "Mwango, Makumba Lorita"]
[Result "1-0"]
[WhiteElo "1760"]
[BlackElo "1968"]
[EventDate "2015.05.02"]
[PlyCount "143"]

1.e4 e6 2.Qe2 Nc6 3.Nf3 d5 4.exd5 Qxd5 5.Nc3 Qd8 6.g3 Nf6 7.Bg2 Bc5 8.O-O 
O-O 9.d3 a6 10.Bg5 h6 11.Bxf6 Qxf6 12.Ne4 Qe7 13.Nxc5 Qxc5 14.c3 e5 15.
Rfe1 Bg4 16.h3 Bxf3 17.Bxf3 f6 18.Be4 Rad8 19.Rad1 Qb6 20.Rd2 Ne7 21.d4 f5
22.Bc2 e4 23.f3 Qg6 24.Kh2 Qd6 25.fxe4 fxe4 26.Qxe4 Nf5 27.Qe6+ Qxe6 28.
Rxe6 Nd6 29.Re7 c6 30.Rde2 Rfe8 31.Kg2 Rxe7 32.Rxe7 Re8 33.Rxe8+ Nxe8 34.
Kf3 Kf7 35.b3 Nd6 36.c4 Ke6 37.Kf4 a5 38.a4 b6 39.h4 c5 40.d5+ Kf6 41.g4 
g5+ 42.hxg5+ hxg5+ 43.Kf3 Ke5 44.Ke3 Ne8 45.Bd3 Nc7 46.Bh7 Ne8 47.Bg6 Nf6 
48.Bf5 Ng8 49.Kd3 Ne7 50.Bh7 Nc8 51.Ke3 Nd6 52.Bg6 Kf6 53.Bh7 Nf7 54.Ke4 
Nd6+ 55.Kd3 Ke5 56.Ke3 Nf7 57.Kd3 Kf4 58.Bf5 Nd6 59.Be6 Kf3 60.Bd7 Kf2 61.
Bf5 Ke1 62.Bg6 Kd1 63.Kc3 Kc1 64.Bf5 Kd1 65.Bc2+ Ke2 66.Bd3+ Ke3 67.Bc2 
Kf4 68.Bd1 Ne4+ 69.Kc2 Nf2 70.Kd2 Nxg4 71.Bxg4 Kxg4 72.d6 1-0

[Event "9th Africa-ch (w)"]
[Site "Cairo EGY"]
[Date "2015.05.06"]
[Round "5.8"]
[White "Francis, Onkemetse Linda"]
[Black "Matoussi, Amani"]
[Result "1-0"]
[WhiteElo "1759"]
[BlackElo "1610"]
[EventDate "2015.05.02"]
[PlyCount "41"]

1.e4 e5 2.Nf3 Nf6 3.Nxe5 d6 4.Nf3 Nxe4 5.Nc3 Nxc3 6.dxc3 d5 7.Bf4 Bg4 8.
Be2 Be7 9.Qd2 O-O 10.O-O c6 11.Nd4 Bxe2 12.Qxe2 Bd6 13.Qg4 Bxf4 14.Qxf4 
Nd7 15.Rfe1 Re8 16.Qg3 Nc5 17.Rxe8+ Qxe8 18.Nf5 g6 19.Nh6+ Kh8 20.Qf4 f5 
21.Qd4+ 1-0